000 00469nam a2200169Ia 4500
008 240729s9999 xx 000 0 und d
022 _a1759-7331
245 0 _aQuantitative Economics
260 _aUnited States
260 _bEconometric Society
650 _a Economic theory. Demography
650 _a Economics as a science
650 _aSocial Sciences
856 _uhttps://doaj.org/toc/c6bef131007d401dbc1fb0d927b5baf0
942 _2ddc
942 _cDOAJEJ
999 _c74991
_d74991
945 _a1
_bMadushi Gamage
_c1
_dMadushi Gamage